A Maresia e o Sargaço dos Dias (Registo nº 201842)

Detalhes MARC
000 -Etiqueta do registo
Valores 00776nam 22002533 4500
021 ## - Número do Depósito Legal
Código do país Portugal
Número 321 316/10
100 ## - Dados gerais de processamento
Dados gerais 20260420d u||y0pory50 ba
101 ## - Língua de publicação
Língua Português
102 ## - País de publicação
País Portugal
200 ## - Titulo e menção de responsabilidade
Título próprio A Maresia e o Sargaço dos Dias
Informação de outro título Corpo Recusado
Primeira menção de responsabilidade Luísa Dacosta
210 ## - Publicação
Local de publicação Alfragide
Nome do editor Edições Asa II
Data de publicação 2011
215 ## - Descrição física 
Paginação / Volumes 76, [1] p. + 115 p.
Outras indicações físicas Brochado
Dimensões 19 cm
225 ## - Colecção 
Título próprio da colecção Frente e Verso
300 ## - Notas gerais 
Texto da nota Poesia e Romance
606 ## - Nome comum usado como assunto
ID Autoridade 23
Palavra de ordem Literatura Portuguesa
Subdivisão assunto Poesia
606 ## - Nome comum usado como assunto
ID Autoridade 6
Palavra de ordem Literatura Portuguesa
675 ## - CDU
Notação 821.134.3-1/DAC/MAR
Edição PT
Língua por
675 ## - CDU
Notação 821.134.3-31/DAC/COR
Edição PT
Língua por
700 ## - Autor principal (pessoa individual)
ID Autoridade 860
Apelido Dacosta
Nome Luísa
Datas 1927-2015
801 ## - Fonte de origem
País PT
Agência BMMN
Regras de catalogação RPC
830 ## - Notas gerais do catalogador
Criado por Carlos Pinto
Data de criação 20-04-2026
Indexado por Carlos Pinto
990 ## - Elementos KOHA
Tipo de documento Livro
Exemplares
Situação do levantamento Biblioteca de origem Código de barras Cota Permissão de empréstimo Tipo de documento Nota relativa ao exemplar Forma de aquisição
  Escola Secundária de Montemor-o-Novo 31224 821.134.3-1/DAC/MAR   Livro 821.134.3-31/DAC/COR Compra

Powered by Koha